000 00816nam a2200277 a 4500
001 BRCA_5953
005 20190320205257.0
008 240311s1931----it-a######---#000-0#ita-#
041 _aita
044 _ait
050 4 _aN8080
_b.R53 1931
100 1 _aRicci, Signora Elisa
_915035
245 1 0 _aMille santi nell’ arte
_cElisa Ricci ; prefazione di Corrado Ricci.
260 _aMilán
_bU. Hoepli
_c1931
300 _axx, 734 p.
_bil.
_c21 cm.
500 _aIncluye índice por artista
500 _aEdición con cantos dorados
500 _aEstado físico: Encuadernación desprendida
500 _aG78
504 _aBibliografía: p. xii-xiv
650 1 4 _aSantos
_xArte
_915036
650 1 4 _aArte y simbolismo cristianos
_94853
700 1 _aRicci, Corrado
_915037
902 _aGFM
942 _2lcc
_cB
999 _c5642
_d5642